Symboles et éléments chimiques - Statistiques

Statistiques générales
  • Ce quiz a été pris 63 fois
  • Le résultat moyen est 9 sur 10
Statistiques - réponses
Question Réponse % Correct
Symbole correspondant à : Calcium Calcium
100%
Elément correpondant à : C Carbone
100%
Elément correspondant à : H Hydrogène
100%
Elément correspondant à : K Potassium
97%
Elément correspondant à : Néon Ne
95%
Symbole correspondant à : Lithium Li
91%
Elément correspondant à : Mg Magnésium
90%
Symbole correspondant à : Argent Ag
88%
Symbole correspondant à : Nickel Ni
84%
Symbole correspondant à : Mercure Hg
71%
Aucun quiz correspondant
Distribution des résultats
% des personnes avec chaque résultat
Percentile par nombre de réponses
Votre historique - résultats
Vous n’avez pas pris ce quiz